[Event "Match"]
[Site "www.echecsemail.com"]
[Date "2015.10.23"]
[Round "1"]
[White "Carlosto"]
[Black "Wilddog"]
[WhiteElo "1649"]
[BlackElo "1409"]
[Result "1-0"]
[Round "1"]
1.e3 e5
2.Ng1f3 Nb8c6
3.d4 d5
4.Nb1c3 Ng8f6
5.Bf1d3 a6
6.O-O b5
7.dxe5 Nf6h5
8.e4 Rh8g8
9.exd5 Nc6a5
10.a3 f5
11.b4 Na5c4
12.Nf3g5 h6
13.Ng5h7 g5
14.e6 Bf8d6
15.Qd1xh5 Ke7
16.Qh5xh6 Bd6f4
17.Qh6f6 Ke8
18.Rf1e1 Qd8xf6
19.Nh7xf6 Kf8
20.Nf6xg8 Kxg8
21.e7 Nc4d6
22.e8Q Nd6xe8
23.Re1xe8 Kf7
24.Re8e2 Bc8d7
25.Bc1xf4 gxf4
26.g3 fxg3
27.hxg3 Kg6
28.f3 c6
29.g4 Ra8f8
30.dxc6 Bd7xc6
31.Re2e6 Rf8f6
32.gxf5 Kf7
33.Kg2 Bc6d7
34.Re6e5 Bd7e6
35.Ra1e1 Be6xf5
36.Bd3xf5 Rf6xf5
37.Re5xf5 Kg6
38.Re1e5 { resign }
1-0

[Event "Match"]
[Site "www.echecsemail.com"]
[Date "2015.10.23"]
[Round "1"]
[White "Bojan"]
[Black "Ssharp"]
[WhiteElo "1940"]
[BlackElo "2240"]
[Result "1-0"]
[Round "1"]
1.e4 e5
2.Ng1f3 Nb8c6
3.Bf1c4 Bf8c5
4.Nb1c3 Ng8f6
5.Nc3a4 Nf6xe4
6.Na4xc5 Ne4xc5
7.d4 exd4
8.Nf3xd4 Nc6xd4
9.Qd1xd4 Qd8e7
10.Bc1e3 Nc5e6
11.Qd4e4 c6
12.Bc4d3 b6
13.Qe4g4 Bc8b7
14.O-O O-O-O
15.Rf1e1 h5
16.Qg4g3 Qe7f6
17.c3 g5
18.f3 h4
19.Qg3g4 Qf6h6
20.Bd3f5 Ne6f4
21.Kf2 Bb7a6
22.Ra1d1 Nf4e6
23.b3 Rh8g8
24.a4 Kc7
25.b4 Ba6c8
26.a5 Ne6f4
27.h3 Nf4e6
28.Rd1a1 Qh6g7
29.axb6 axb6
30.Qg4c4 d5
31.Ra1a7 Kb8
32.Qc4xc6 Kxa7
33.Re1a1 { resign }
1-0

[Event "Match"]
[Site "www.echecsemail.com"]
[Date "2015.10.23"]
[Round "1"]
[White "Masteratches"]
[Black "Wagner"]
[WhiteElo "1699"]
[BlackElo "1670"]
[Result "1-0"]
[Round "1"]
1.d4 d5
2.Ng1f3 f6
3.c4 c6
4.Nb1c3 e6
5.e4 dxe4
6.Nc3xe4 Qd8a5
7.Bc1d2 Qa5f5
8.Bf1d3 Qf5g6
9.Ne4d6 Bf8xd6
10.Bd3xg6 hxg6
11.O-O Rh8h4
12.Nf3xh4 { resign }
1-0

[Event "Match"]
[Site "www.echecsemail.com"]
[Date "2015.10.23"]
[Round "1"]
[White "Orae"]
[Black "Hundegana"]
[WhiteElo "1850"]
[BlackElo "1960"]
[Result "0-1"]
[Round "1"]
1.e4 c5
2.Bf1c4 e6
3.Ng1f3 a6
4.d4 b5
5.Bc4e2 Bc8b7
6.d5 exd5
7.exd5 Ng8f6
8.Bc1g5 h6
9.Bg5h4 d6
10.c4 Bf8e7
11.Be2d3 Bb7c8
12.O-O O-O
13.Bd3c2 bxc4
14.b3 cxb3
15.axb3 Bc8b7
16.Qd1d3 g5
17.Nf3xg5 hxg5
18.Bh4xg5 Nb8d7
19.Bg5h6 Nd7e5
20.Qd3g3 Nf6g4
21.Bh6xf8 Kxf8
22.Bc2f5 Be7h4
23.Qg3h3 Ng4h6
24.Rf1d1 Nh6xf5
25.Qh3xf5 Qd8f6
26.Qf5xf6 Bh4xf6
27.Nb1c3 Ra8e8
28.Nc3e4 Bf6e7
29.f4 Ne5g4
30.h3 Ng4e3
31.Rd1d3 Ne3xd5
32.g3 Nd5b4
33.Rd3d1 Bb7xe4
34.h4 d5
35.Kf2 Be7f6
36.Ra1a5 Bf6d4
37.Kf1 Be4d3
38.Kg2 Re8e2
39.Kh3 Bd3f5
40.g4 Re2e3
41.Kh2 Bf5xg4
42.Rd1f1 Re3h3
43.Kg2 Rh3xb3
44.f5 Bg4h3
45.Kh2 Bh3xf1
{ resign }
0-1

[Event "Match"]
[Site "www.echecsemail.com"]
[Date "2015.10.23"]
[Round "1"]
[White "Carazo"]
[Black "Wagner"]
[WhiteElo "1860"]
[BlackElo "1720"]
[Result "0-1"]
[Round "1"]
1.e4 Nb8c6
2.Ng1f3 e5
3.Bf1c4 h6
4.d4 f6
5.Bc4xg8 Rh8xg8
6.d5 Nc6b8
7.a3 d6
8.h3 b6
9.O-O g5
10.g4 Bc8d7
11.c4 c6
12.Nb1c3 b5
13.Bc1e3 bxc4
14.Rf1e1 c5
15.b3 Qd8a5
16.Be3d2 Qa5b6
17.bxc4 Qb6b2
18.Qd1e2 Qb2b7
19.Nf3h2 Nb8a6
20.Re1b1 Qb7c7
21.Nc3d1 Bf8e7
22.Qe2e1 Be7d8
23.f3 Bd7c8
24.a4 Ra8b8
25.a5 Qc7d7
26.Nd1c3 Na6b4
27.Qe1d1 Bc8a6
28.Nc3e2 Qd7c8
29.Bd2xb4 cxb4
30.Qd1a4 Kf7
31.Nh2f1 Ba6xc4
32.Rb1c1 Rg8e8
 { time }
0-1

[Event "Match"]
[Site "www.echecsemail.com"]
[Date "2015.10.23"]
[Round "1"]
[White "Gegonz"]
[Black "Emerchess"]
[WhiteElo "1770"]
[BlackElo "1939"]
[Result "0-1"]
[Round "1"]
1.Nb1c3 e5
2.e4 Ng8f6
3.Bf1c4 Bf8c5
4.f4 Nb8c6
5.d3 d6
6.Ng1f3 Bc8g4
7.h3 Bg4xf3
8.Qd1xf3 Nc6d4
9.Qf3d1 a6
10.fxe5 dxe5
 { time }
0-1

[Event "Match"]
[Site "www.echecsemail.com"]
[Date "2015.10.23"]
[Round "1"]
[White "Cristiano"]
[Black "Cekinxxx"]
[WhiteElo "2020"]
[BlackElo "1499"]
[Result "1-0"]
[Round "1"]
1.e4 d6
2.f4 e5
3.Ng1f3 exf4
4.d4 g5
5.h4 gxh4
6.Nf3xh4 Bf8e7
7.Nh4f3 Bc8g4
8.Bf1c4 Bg4xf3
9.Qd1xf3 Be7h4
10.Kd1 Qd8f6
11.c3 Bh4g3
12.Nb1a3 Nb8c6
13.Rh1f1 O-O-O
14.Bc1xf4 Bg3xf4
15.Qf3xf4 Qf6xf4
16.Rf1xf4  { time }
1-0

[Event "Match"]
[Site "www.echecsemail.com"]
[Date "2015.10.23"]
[Round "1"]
[White "Emerchess"]
[Black "Pariolinius"]
[WhiteElo "1299"]
[BlackElo "1930"]
[Result "1-0"]
[Round "1"]
1.Ng1f3 Ng8f6
2.d4 g6
3.Bc1f4 Bf8g7
4.h3 e6
5.e3 d5
6.c4 O-O
7.Nb1c3 Nb8d7
8.cxd5 exd5
9.Bf1d3 Rf8e8
10.O-O Nf6e4
11.Nc3xd5 Ne4d6
12.Ra1c1 c6
13.Bf4xd6 Nd7f6
14.Nd5xf6 Qd8xf6
15.Bd6e5 Qf6e7
16.Be5xg7 Kxg7
17.Qd1c2 Bc8e6
18.Bd3c4 Ra8c8
19.Bc4xe6 Qe7xe6
20.Qc2c4 Qe6f6
21.b4 a6
22.a4 h6
23.Qc4c5 Re8d8
24.Qc5b6 Qf6e7
25.Qb6c5 Qe7e6
26.Qc5e5 Kg8
27.Qe5xe6 fxe6
28.Nf3e5 Kg7
29.Rc1c5 Rd8d6
30.Rf1c1 Kf6
31.Ne5f3 g5
32.Nf3d2 b6
33.Rc5c2 Ke7
34.Nd2c4 Rd6d8
35.Nc4xb6 Rc8c7
36.a5 Kd6
37.Nb6c4 Kd7
38.Nc4e5 Kd6
39.Rc2xc6 Rc7xc6
40.Rc1xc6 Ke7
41.Rc6xa6 Kf6
42.Ne5g4 { resign }
1-0

[Event "Match"]
[Site "www.echecsemail.com"]
[Date "2015.10.23"]
[Round "1"]
[White "Comrade"]
[Black "Ericleo1980"]
[WhiteElo "2090"]
[BlackElo "2250"]
[Result "0-1"]
[Round "1"]
1.c4 Ng8f6
2.Nb1c3 c5
3.g3 d5
4.cxd5 Nf6xd5
5.Bf1g2 Nd5xc3
6.bxc3 Nb8c6
7.Bg2xc6 bxc6
8.c4 Qd8d4
9.Bc1a3 Bc8g4
10.h3 Bg4h5
11.g4 Bh5g6
12.Ra1c1 Bg6e4
13.Ng1f3 Be4xf3
14.exf3 e6
15.Qd1e2 Ra8d8
16.Qe2e3 Qd4d6
17.Rc1d1 Qd6d4
18.d3 Bf8d6
19.O-O Qd4f6
20.Kg2 Qf6d4
21.Rf1e1 O-O
22.Qe3xd4 cxd4
23.Ba3xd6 Rd8xd6
24.Rd1b1 c5
25.Rb1b7 Rd6a6
26.Re1e2 { time. }
0-1

[Event "1/8 Finale"]
[Site "www.chess-mail.com"]
[Date "2015.10.23"]
[Round "1"]
[White "Manolinex"]
[Black "Seger"]
[WhiteElo "2800"]
[BlackElo "2770"]
[Result "1-0"]
[Round "1"]
1.e4 c5
2.Ng1f3 d6
3.d4 cxd4
4.Nf3xd4 Ng8f6
5.Nb1c3 a6
6.g3 g6
7.Bf1g2 Bf8g7
8.O-O O-O
9.h3 Nb8c6
10.Bc1e3 Bc8d7
11.Nd4e2 b5
12.b3 Nf6e8
13.a3 Ra8b8
14.Qd1d2 a5
15.Ra1c1 b4
16.axb4 axb4
17.Nc3d5 e6
18.Nd5f4 Bd7c8
19.Rf1d1 Qd8a5
20.Nf4d3 Bc8b7
21.Nd3e1 Nc6e5
22.Ne2d4 Ne8f6
23.Rc1a1 Qa5d8
24.f3 d5
25.f4 Ne5c6
26.Nd4xc6 Bb7xc6
27.e5 Nf6e4
28.Bg2xe4 dxe4
29.Be3c5 Qd8xd2
30.Rd1xd2 Rf8c8
31.Bc5d6 Rb8b5
32.Ra1a6 Rb5d5
33.Bd6xb4 Bg7f8
34.Rd2xd5 exd5
35.Bb4d6 d4
36.g4 Bf8xd6
37.exd6 Bc6d7
38.Ra6a5 f5
39.Ra5d5 Rc8c3
40.Rd5xd4 Kf7
41.gxf5 gxf5
42.h4 Ke6
43.Kg2 h5
44.Kf2 Bd7c6
45.Ke2 Rc3g3
46.c4 Rg3xb3
47.Ne1c2 Bc6a4
48.Nc2e3 Rb3b2
49.Rd4d2 Rb2b3
50.Kf2 Rb3d3
51.Rd2xd3 exd3
52.c5 Kd7
53.Ne3c4 d2
54.Nc4xd2 Kc6
55.d7 Kxd7
56.Ke3 Ba4c6
57.Kd4 Ke6
58.Nd2f1 Bc6e8
59.Kc4 Kd7
60.Nf1e3 Be8f7
61.Kb5 Bf7e6
62.Kb6 Ke7
63.Kb7 Kd7
64.c6 Kd6
65.c7 Kc5
66.c8Q Be6xc8
67.Kxc8 { resign }
1-0

[Event "1/128 Finale"]
[Site "www.chess-mail.com"]
[Date "2015.10.23"]
[Round "1"]
[White "Boyc"]
[Black "Gatrooper"]
[WhiteElo "1530"]
[BlackElo "1530"]
[Result "1-0"]
[Round "1"]
1.d4 d5
2.c4 dxc4
3.Ng1f3 Nb8c6
4.Nb1c3 Ng8f6
5.e4 Bc8g4
6.Bc1e3 Bg4xf3
7.gxf3 e6
8.Bf1xc4 a6
9.Qd1d2 Bf8b4
10.O-O-O Bb4xc3
11.Qd2xc3 O-O
12.Rh1g1 g6
13.Be3g5 Qd8e7
14.d5 exd5
15.Bg5xf6 Qe7e6
16.exd5 Qe6d6
17.dxc6 Qd6f4
18.Kb1 bxc6
19.Bf6h8 Qf4f5
20.Ka1 Qf5f6
21.Qc3xf6 Rf8d8
22.Qf6g7 { resign }
1-0

[Event "Fast Game"]
[Site "www.echecsemail.com"]
[Date "2015.10.23"]
[Round "1"]
[White "Fabos12"]
[Black "Hennie4820"]
[WhiteElo "1590"]
[BlackElo "1629"]
[Result "0-1"]
[Round "1"]
1.Ng1f3 Ng8f6
2.d4 e6
3.c4 b6
4.Nb1c3 Bf8b4
5.Qd1c2 Bc8b7
6.a3 Bb4xc3
7.bxc3 O-O
8.Bc1g5 h6
9.Bg5xf6 Qd8xf6
10.e4 d6
11.Bf1d3 Nb8d7
12.O-O-O a5
13.d5 e5
14.Qc2a4 Nd7c5
15.Qa4c2 Qf6f4
16.Qc2d2 Nc5xd3
17.Kb1 Qf4xd2
18.Rd1xd2 Nd3f4
19.Nf3h4 Bb7a6
20.g3 Nf4g6
21.Nh4xg6 fxg6
22.c5 bxc5
23.Ka1 Rf8f3
24.Rh1c1 Ra8f8
25.c4 Rf3xa3
26.Kb2 Rf8f3
27.Rc1a1 Rf3b3
28.Kc2 Rb3c3
29.Kb2 Ra3b3
30.Ka2 Ba6xc4
{ resign }
0-1

[Event "Tourn. n8308"]
[Site "www.chess-mail.com"]
[Date "2015.10.24"]
[Round "1"]
[White "Silent1"]
[Black "Abuelo"]
[WhiteElo "1960"]
[BlackElo "2080"]
[Result "0-1"]
[Round "1"]
1.d4 d5
2.c4 dxc4
3.Nb1c3 e6
4.e3 Ng8f6
5.Bf1xc4 Bf8d6
6.Ng1f3 Nb8c6
7.h3 O-O
8.O-O a6
9.a3 h6
10.b4 Bc8d7
11.Bc1b2 b5
12.Bc4b3 Nc6e7
13.Bb3c2 Bd7c6
14.Nf3d2 Bc6b7
15.Nd2e4 Nf6xe4
16.Bc2xe4 Bb7xe4
17.Nc3xe4 a5
18.bxa5 Ra8xa5
19.Ne4xd6 Qd8xd6
20.Qd1d2 Ra5a4
21.Qd2d3 c6
22.Rf1c1 Ne7d5
23.Rc1c5 e5
24.Ra1c1 Nd5e7
25.Rc5xe5 Ne7d5
26.Rc1c5 Nd5f6
27.Qd3c3 Rf8c8
28.Rc5xb5 Ra4a8
29.Rb5a5 Ra8b8
30.f3 Nf6d5
31.Qc3c1 f6
32.Re5e4 Rb8b7
33.Ra5c5 Nd5e7
34.Re4xe7 Rb7xe7
35.e4 Re7c7
36.Qc1c4 Kh8
37.Bb2c3 Rc8a8
38.Bc3b4 Rc7c8
39.Rc5a5 Qd6d7
40.Ra5xa8 Rc8xa8
41.Kf2 Ra8c8
42.Qc4c5 Rc8d8
43.Bb4c3 Kh7
44.Qc5f5 Qd7xf5
45.exf5 Rd8d5
46.g4 Kg8
47.Ke3 Kf7
48.a4 Ke7
49.f4 Kd7
50.a5 Kc7
51.Ke4 Kb7
52.h4 Ka6
53.g5 Kb5
54.Bc3d2 Kc4
55.Bd2e3 Rd5xa5
56.gxh6 gxh6
57.h5 Ra5a3
58.Be3d2 Ra3h3
59.Bd2e3 Rh3xh5
60.Be3f2 Rh5h3
61.Bf2e3 h5
62.Be3d2 h4
63.Bd2e1 Rh3h1
64.Be1f2 h3
{ resign }
0-1

[Event "Tourn. n8318"]
[Site "www.chess-mail.com"]
[Date "2015.10.24"]
[Round "1"]
[White "Wegaman"]
[Black "Roserl"]
[WhiteElo "1890"]
[BlackElo "1900"]
[Result "1/2-1/2"]
[Round "1"]
1.d4 d5
2.c4 e6
3.Nb1c3 Ng8f6
4.Bc1g5 Bf8e7
5.e3 h6
6.Bg5h4 O-O
7.Ng1f3 dxc4
8.Bf1xc4 c6
9.O-O Nb8d7
10.Ra1c1 Nd7b6
11.Bc4b3 a5
12.a4 Nb6d5
13.Rf1e1 Bc8d7
14.e4 Nd5f4
15.Bh4g3 Nf4g6
16.h3 Be7b4
17.e5 Nf6d5
18.Bg3h2 Ng6e7
19.Qd1d3 Bb4xc3
20.bxc3 b5
21.axb5 cxb5
22.Bb3c2 g6
23.Nf3h4 Kg7
24.f4 b4
25.c4 Nd5c3
26.Re1e3 a4
27.Re3g3 Ne7f5
28.Nh4xf5 exf5
29.d5 Nc3e4
30.Rg3f3 b3
31.Bc2xb3 axb3
32.Qd3xb3 Ne4d2
33.Qb3c3 Nd2xf3
34.gxf3 Qd8h4
35.e6 Kh7
36.exd7 Rf8d8
37.Kg2 { draw }
1/2-1/2

[Event "Tourn. n8433"]
[Site "www.chess-mail.com"]
[Date "2015.10.24"]
[Round "1"]
[White "Norlavuaram"]
[Black "Umzi"]
[WhiteElo "2190"]
[BlackElo "2150"]
[Result "0-1"]
[Round "1"]
1.e4 d5
2.exd5 Qd8xd5
3.Nb1c3 Qd5a5
4.Ng1f3 Ng8f6
5.Bf1c4 c6
6.O-O e6
7.d4 Nb8d7
8.Bc1f4 b5
9.Bc4b3 Bf8e7
10.Rf1e1 O-O
11.a3 Nf6d5
12.Nc3xd5 cxd5
13.c3 Qa5b6
14.Qd1d3 h6
15.Bb3c2 Nd7f6
16.Bf4e5 g6
17.Be5f4 Kg7
18.Bf4e5 Rf8g8
19.h3 Be7d6
20.Re1e2 Bd6xe5
21.Nf3xe5 Kf8
22.Qd3d2 g5
23.a4 bxa4
24.Bc2xa4 Nf6e4
25.Qd2e1 f6
26.Ne5d3 Bc8a6
27.Qe1d1 Rg8g7
28.Re2e3 Ba6xd3
29.Qd1xd3 Qb6xb2
30.Ra1b1 Qb2xf2
31.Kh1 Rg7c7
32.Rb1f1 Rc7xc3
33.Qd3a6 Qf2xe3
34.Rf1b1 Rc3c1
35.Rb1xc1 Qe3xc1
36.Kh2 Qc1f4
37.Kg1 Ra8b8
{ resign }
0-1

[Event "Tourn. n8401"]
[Site "www.chess-mail.com"]
[Date "2015.10.24"]
[Round "1"]
[White "Stepanpech"]
[Black "Cathar"]
[WhiteElo "2320"]
[BlackElo "2260"]
[Result "0-1"]
[Round "1"]
1.e4 e6
2.d4 d5
3.Nb1d2 Ng8f6
4.e5 Nf6d7
5.Bf1d3 c5
6.c3 Nb8c6
7.Ng1e2 cxd4
8.cxd4 f6
9.exf6 Nd7xf6
10.Nd2f3 Qd8c7
 { time }
0-1

[Event "Tourn. n8377"]
[Site "www.chess-mail.com"]
[Date "2015.10.24"]
[Round "1"]
[White "Bojan"]
[Black "Jhw"]
[WhiteElo "1940"]
[BlackElo "1900"]
[Result "0-1"]
[Round "1"]
1.e4 c5
2.Nb1c3 Nb8c6
3.Bf1c4 d6
4.h3 a6
5.a3 b5
6.Bc4e2 e6
7.Ng1f3 Bc8d7
8.d4 c4
9.Nf3h2 Qd8b6
10.Bc1e3 Qb6a5
11.d5 exd5
12.exd5 Nc6e5
13.f4 Ne5g6
14.Be3d2 Qa5b6
15.g4 h6
16.Be2f3 Bf8e7
17.Qd1e2 Ng8f6
18.Bd2e3 Qb6c7
19.Nh2f1 Ra8b8
20.Be3d4 O-O
21.Kf2 Ng6xf4
22.Qe2xe7 Rb8e8
23.Bd4xf6 Re8xe7
24.Bf6xe7 Rf8e8
25.Be7h4 Qc7c5
26.Kg3 g5
27.Nf1d2 Qc5e3
28.Nd2e4 gxh4
29.Kxh4 Qe3xf3
30.Ra1f1 Nf4g6
31.Kh5 Re8e5
32.Kxh6 Qf3e3
33.g5 Bd7f5
34.Rf1e1 Qe3f3
35.Re1f1 Re5xe4
36.Nc3xe4 Qf3xe4
37.h4 Ng6xh4
38.Rf1e1 Nh4g6
39.Re1xe4 Bf5xe4
40.Rh1e1 Be4xd5
41.Re1e8 Ng6f8
42.Re8d8 Bd5e4
43.c3 d5
44.Rd8a8 d4
45.Ra8e8 Be4c6
46.Re8c8 Bc6d7
47.Rc8a8 d3
48.Ra8xa6 f5
49.g6 Bd7c8
50.Ra6f6 Nf8e6
51.Rf6xf5 Ne6g7
52.Rf5d5 Ng7f5
53.Kg5 Kg7
54.Kf4 Bc8e6
55.Rd5d8 Kxg6
56.Kf3 Kg5
57.Kf2 Kf4
58.Ke1 Nf5e3
59.Rd8f8 Ke5
60.Kd2 Ne3d5
61.Rf8h8 Be6g4
62.Rh8e8 Kf4
63.Re8d8 Bg4e6
64.Rd8e8 Ke5
65.Re8b8 Nd5c7
66.Rb8h8 Nc7a6
67.Rh8h5 Be6f5
68.Rh5h6 Na6c5
69.Rh6h5 Nc5b3
70.Kd1 Ke4
{ resign }
0-1

[Event "Tourn. n8405"]
[Site "www.chess-mail.com"]
[Date "2015.10.24"]
[Round "1"]
[White "Norlavuaram"]
[Black "Hundegana"]
[WhiteElo "2150"]
[BlackElo "2000"]
[Result "1-0"]
[Round "1"]
1.e4 c5
2.Ng1f3 d6
3.Bf1b5 Bc8d7
4.Bb5xd7 Nb8xd7
5.O-O Ng8f6
6.Rf1e1 e6
7.c3 Bf8e7
8.d4 cxd4
9.cxd4 Ra8c8
10.Nb1c3 O-O
11.h3 Rf8e8
12.Bc1f4 e5
13.dxe5 dxe5
14.Nf3xe5 Nd7xe5
15.Bf4xe5 Qd8xd1
16.Ra1xd1 Re8d8
17.f3 Rd8xd1
18.Re1xd1 Be7c5
19.Kf1 b6
20.Nc3d5 Nf6xd5
21.Rd1xd5 a5
22.Ke2 f6
23.Be5c3 h6
24.Rd5d7 Rc8e8
25.Kd3 Kf8
26.a3 Re8e7
27.Rd7xe7 Kxe7
28.b4 Bc5d6
29.Kc4 axb4
30.Bc3xb4 Bd6xb4
31.axb4 Kd6
32.Kb5 Kc7
33.f4 h5
34.g4 hxg4
35.hxg4 g6
36.e5 fxe5
37.fxe5 g5
38.e6 Kd6
39.Kxb6 Kxe6
40.Kc6 Ke5
41.b5 Kf4
42.b6 Kxg4
43.b7 Kh3
44.b8Q g4
45.Qb8h8 Kg2
46.Kd5 g3
47.Ke4 Kg1
48.Kf3 g2
49.Qh8a1 Kh2
50.Qa1b2 { resign }
1-0

[Event "Tourn. n8393"]
[Site "www.chess-mail.com"]
[Date "2015.10.24"]
[Round "1"]
[White "Gatrooper"]
[Black "Relaxmax"]
[WhiteElo "1520"]
[BlackElo "1499"]
[Result "0-1"]
[Round "1"]
1.e4 c6
2.d4 d5
3.e5 Bc8f5
4.Bf1d3 Bf5xd3
5.Qd1xd3 e6
6.Nb1c3 Ng8e7
7.h3 Nb8d7
8.Ng1f3 a6
9.Nf3g5 g6
10.Qd3f3 Ne7f5
11.g4 Nf5h6
12.h4 Bf8g7
13.h5 O-O
14.hxg6 hxg6
15.Qf3h3 Rf8e8
16.Ng5xf7 Nh6xf7
17.Qh3h7 Kf8
18.Qh7h3 c5
19.Bc1e3 cxd4
20.Be3xd4 Qd8g5
21.Bd4e3 Qg5xe5
22.O-O-O Ra8c8
23.Be3d4 Qe5f4
24.Bd4e3 Qf4b4
25.a3 Qb4a5
26.Be3d2 Nd7e5
27.f4 Ne5c4
28.f5 exf5
29.gxf5 d4
30.fxg6 dxc3
31.Bd2xc3 Bg7xc3
32.gxf7 Bc3xb2
33.Kb1 Nc4xa3
34.Ka2 Na3c4
35.Kb3 Qa5a3

0-1

[Event "Tourn. n8390"]
[Site "www.chess-mail.com"]
[Date "2015.10.24"]
[Round "1"]
[White "Jaroslavpech"]
[Black "Norlavuaram"]
[WhiteElo "2210"]
[BlackElo "2100"]
[Result "0-1"]
[Round "1"]
1.d4 Ng8f6
2.c4 g6
3.Nb1c3 Bf8g7
4.e4 d6
5.Ng1f3 O-O
6.Bf1e2 e5
7.dxe5 dxe5
8.Qd1xd8 Rf8xd8
9.Bc1g5 Rd8e8
10.Nc3d5 Nf6xd5
11.cxd5 f6
12.Bg5e3 Bc8g4
13.h3 Bg4d7
14.O-O f5
15.Ra1c1 c6
 { time }
0-1

[Event "Tourn. n8383"]
[Site "www.chess-mail.com"]
[Date "2015.10.24"]
[Round "1"]
[White "Jhw"]
[Black "Bojan"]
[WhiteElo "1920"]
[BlackElo "1870"]
[Result "0-1"]
[Round "1"]
1.e4 e5
2.Ng1f3 Nb8c6
3.Bf1c4 h6
4.O-O d6
5.d4 exd4
6.Nf3xd4 Nc6e5
7.h3 Ne5xc4
8.Qd1d3 Nc4e5
9.Qd3g3 Bc8d7
10.Nb1c3 g6
11.f4 Ne5c6
12.Bc1e3 Bf8g7
13.e5 dxe5
14.Nd4xc6 Bd7xc6
15.Ra1d1 Qd8e7
16.f5 g5
17.h4 f6
18.Rd1d2 Ra8d8
19.Rd2xd8 Kxd8
20.Be3xa7 Qe7b4
21.Rf1d1 Kc8
22.Qg3d3 Ng8e7
23.Nc3e4 b6
24.c4 Qb4a5
25.Ne4d6 cxd6
26.Qd3xd6 Qa5xa7
27.Qd6e6 Kb8
28.Qe6d6 Ka8
29.Kh2 Rh8c8
30.b4 Ne7xf5
31.Qd6e6 Kb8
32.Qe6xf5 Qa7xa2
33.Qf5g4 Kc7
34.b5 Bc6e8
35.Qg4e6 Rc8d8
36.Qe6e7 Be8d7
37.Qe7xg7 Qa2xc4
38.Qg7xf6 Qc4f4
39.Qf6xf4 exf4
40.hxg5 hxg5
41.Rd1d5 g4
42.Rd5h5 Rd8a8
43.Rh5d5 Ra8a4
44.Rd5g5 Ra4b4
45.Kg1 Rb4xb5
46.Rg5g7 Rb5c5
47.Rg7e7 g3
48.Re7e1 b5
49.Re1e4 Rc5c1
{ resign }
0-1

[Event "Tourn. n8385"]
[Site "www.chess-mail.com"]
[Date "2015.10.24"]
[Round "1"]
[White "Capitaine"]
[Black "Asoka"]
[WhiteElo "2380"]
[BlackElo "2670"]
[Result "0-1"]
[Round "1"]
1.e4 c6
2.Nb1c3 d5
3.Qd1f3 d4
4.Bf1c4 e6
5.Nc3e2 c5
6.Qf3g3 Nb8c6
7.Ng1f3 Ng8f6
8.d3 Nf6h5
9.Qg3g5 Qd8xg5
10.Bc1xg5 Bf8d6
11.a3 O-O
12.g4 Nh5f6
13.Bg5xf6 gxf6
14.Ne2g3 Nc6e5
15.Nf3xe5 fxe5
16.O-O-O Ra8b8
17.Ng3h5 b5
18.Bc4a2 a5
19.g5 Rf8d8
20.Nh5f6 Kg7
21.h4 Bc8a6
22.Nf6g4 c4
23.f4 exf4
24.e5 Bd6e7
25.Rh1f1 cxd3
26.cxd3 b4
27.a4 b3
28.Ba2b1 Be7b4
29.Rd1d2 Rd8c8
30.Kd1 Bb4xd2
31.Kxd2 Rb8b4
32.Rf1xf4 Rb4xa4
33.Ng4h6 Ra4a2
{ resign }
0-1

[Event "Tourn. n8372"]
[Site "www.chess-mail.com"]
[Date "2015.10.24"]
[Round "1"]
[White "Jhw"]
[Black "Bojan"]
[WhiteElo "1900"]
[BlackElo "1950"]
[Result "0-1"]
[Round "1"]
1.Ng1f3 g6
2.e4 Bf8g7
3.Bf1c4 Nb8c6
4.c3 Nc6e5
5.d4 Ne5xc4
6.e5 d6
7.b3 Nc4b6
8.Qd1d3 dxe5
9.O-O f5
10.Qd3b5 Bc8d7
11.Qb5a5 exd4
12.cxd4 Bd7c6
13.Nb1c3 Ng8f6
14.Qa5e5 Bc6xf3
15.gxf3 Nf6h5
16.Qe5e6 Qd8d7
17.Qe6xd7 Kxd7
18.Bc1e3 Nh5f6
19.Ra1d1 Nf6d5
20.Nc3b5 c6
21.Nb5a3 Nd5c3
22.Rd1d2 Nc3d5
23.Be3g5 h6
24.Bg5h4 Nd5f4
25.Rf1e1 Nb6d5
26.Na3c4 e6
27.Kf1 g5
28.Bh4g3 Rh8e8
29.Bg3xf4 Nd5xf4
30.Nc4e5 Kd6
31.Ne5c4 Kd5
32.Nc4e3 Kd6
33.Ne3c4 Kc7
34.a4 Ra8d8
35.Re1d1 Nf4g6
36.b4 Re8e7
37.b5 b6
38.bxc6 Kxc6
39.Rd1c1 Kd7
40.d5 Ke8
41.d6 Re7d7
42.Rd2d3 Ng6e5
43.Nc4xe5 Bg7xe5
44.Rc1e1 Be5g7
45.Re1xe6 Kf7
46.Rd3e3 Bg7f6
47.Kg2 Rd7xd6
48.Re6xd6 Rd8xd6
{ resign }
0-1

[Event "Tourn. n8374"]
[Site "www.chess-mail.com"]
[Date "2015.10.24"]
[Round "1"]
[White "Jhw"]
[Black "Bojan"]
[WhiteElo "1900"]
[BlackElo "1940"]
[Result "0-1"]
[Round "1"]
1.Ng1f3 Nb8c6
2.e4 e5
3.Bf1c4 Qd8f6
4.c3 h6
5.d4 Bf8d6
6.d5 Nc6a5
7.Bc4b5 a6
8.Bb5a4 b5
9.Ba4c2 Qf6g6
10.Nf3h4 Qg6f6
11.Nh4f5 Bd6f8
12.b4 Na5c4
13.Nb1d2 Nc4xd2
14.Qd1xd2 d6
15.a4 Bc8b7
16.O-O g6
17.Nf5g3 Qf6h4
18.axb5 axb5
19.Ra1xa8 Bb7xa8
20.f4 Ng8f6
21.Bc2d1 Bf8e7
22.fxe5 dxe5
23.Bd1e2 Nf6xe4
24.Ng3xe4 Qh4xe4
25.Be2xb5 Kf8
26.Qd2a2 Ba8xd5
27.Qa2f2 c6
28.Bb5xc6 Qe4c4
29.Bc6xd5 Qc4xd5
30.Bc1b2 f6
31.Qf2b6 Kf7
32.c4 Qd5e4
33.Qb6c7 Rh8d8
34.Rf1xf6 Kxf6
35.Qc7b6 Kf5
36.Qb6f2 Ke6
37.h3 Rd8d1
38.Kh2 Qe4f4
39.Qf2xf4 exf4
40.b5 Be7c5
41.h4 h5
42.Kh3 Bc5g1
43.g4 Rd1d3
44.Kg2 Rd3g3
45.Kf1 hxg4
46.Bb2c1 Bg1c5
47.Bc1d2 f3
{ resign }
0-1

[Event "Tourn. n8379"]
[Site "www.chess-mail.com"]
[Date "2015.10.24"]
[Round "1"]
[White "Jhw"]
[Black "Mitja"]
[WhiteElo "1920"]
[BlackElo "1900"]
[Result "0-1"]
[Round "1"]
1.Ng1f3 d5
2.g3 e6
3.d4 h6
4.c4 dxc4
5.Qd1a4 c6
6.Qa4xc4 Ng8f6
7.Nf3e5 Nb8d7
8.Bf1g2 Bf8d6
9.Ne5xd7 Qd8xd7
10.Nb1c3 Bd6e7
11.a3 O-O
12.e4 b5
13.Qc4d3 Bc8a6
14.b4 Ba6b7
15.f4 Rf8d8
16.Bc1e3 Nf6h7
17.O-O-O a5
18.d5 axb4
19.Nc3a2 bxa3
20.Qd3b3 exd5
21.Rd1d3 Rd8c8
22.h4 Ra8a4
23.Bg2h3 Ra4c4
24.Kb1 Qd7c7
25.Bh3xc8 Bb7xc8
26.e5 Bc8f5
27.Rh1d1 Bf5xd3
28.Qb3xd3 Nh7f8
29.h5 Nf8e6
30.Rd1f1 b4
31.g4 Be7c5
32.g5 Bc5xe3
33.Qd3xe3 hxg5
34.fxg5 Rc4e4
35.Qe3d2 Qc7xe5
36.g6 fxg6
37.hxg6 Re4e2
38.Qd2xb4 Re2b2
39.Kc1 Rb2xb4
40.Rf1f3 Qe5e1
{ resign }
0-1

[Event "Tourn. n8387"]
[Site "www.chess-mail.com"]
[Date "2015.10.24"]
[Round "1"]
[White "Iko"]
[Black "Huw"]
[WhiteElo "1620"]
[BlackElo "1639"]
[Result "0-1"]
[Round "1"]
1.e4 c5
2.d4 cxd4
3.Qd1xd4 Nb8c6
4.Qd4c3 e6
5.b3 Bf8b4
6.Qc3xb4 Nc6xb4
7.Bf1d3 Nb4xd3
8.cxd3 d5
9.e5 Qd8c7
10.Bc1b2 Qc7c2
11.Bb2d4 Qc2xd3
12.Bd4c3 d4
13.Bc3d2 Ng8e7
14.Bd2e3 dxe3
15.fxe3 Qd3xe3
16.Ng1e2 Qe3xe5
17.Nb1c3 Ne7d5
18.Ra1d1 Nd5xc3
19.Rd1d2 Nc3xe2
20.Rd2xe2 Qe5a1
21.Kf2 Qa1xh1
22.h3 b6
23.Re2e1 Qh1h2
24.Re1e3 Bc8b7
25.Re3g3 O-O
26.Rg3d3 Qh2xg2
27.Ke3 Qg2xh3
28.Kd4 Rf8d8
29.Kc4 Ra8c8
30.Kb4 Qh3xd3
31.a4 Rc8c3
32.Ka3 Rc3xb3
33.Ka2 Qd3b1

0-1

[Event "Tourn. n8383"]
[Site "www.chess-mail.com"]
[Date "2015.10.24"]
[Round "1"]
[White "Falcoale"]
[Black "Culiflori"]
[WhiteElo "1950"]
[BlackElo "1990"]
[Result "0-1"]
[Round "1"]
1.e4 e5
2.Ng1f3 Nb8c6
3.Bf1c4 Bf8c5
4.Nf3xe5 Nc6xe5
5.d4 Ne5xc4
6.dxc5 Qd8e7
7.O-O d6
8.b3 Nc4e5
9.f4 Ne5g6
10.Bc1b2 f6
11.Nb1c3 dxc5
12.Bb2a3 Bc8e6
13.f5 Be6xf5
14.exf5 Ng6e5
15.Nc3d5 Qe7d6
16.c4 O-O-O
17.Qd1e1 Ng8h6
18.Nd5c3 Qd6d4
19.Kh1 Ne5d3
20.Qe1e6 Kb8
21.Nc3b5 Qd4d7
22.Nb5c3 a6
23.Nc3d5 Rh8e8
24.Qe6xd7 Rd8xd7
25.Ra1d1 Nd3e5
26.Ba3xc5 c6
27.Nd5c3 Rd7xd1
28.Nc3xd1 Re8d8
29.Bc5g1 Rd8d2
30.a3 Rd2d3
31.Nd1e3 Rd3xb3
32.Rf1a1 Nh6f7
33.a4 Rb3c3
34.c5 Ne5d3
35.Ra1d1 Nd3xc5
36.h3 Rc3a3
37.Ne3c4 Ra3xa4
38.Bg1xc5 Ra4xc4
39.Bc5f8 g6
40.fxg6 hxg6
41.Bf8g7 f5
42.Rd1d7 Nf7g5
43.Rd7d8 Kc7
44.Rd8e8 Ng5e4
45.Re8g8 a5
46.Bg7e5 Kb6
47.Rg8xg6 a4
48.Rg6h6 a3
49.Rh6h8 Rc4a4
50.h4 a2
51.h5 Ne4f2
52.Kg1 Nf2g4
53.Be5g7 a1R
{ resign }
0-1

[Event "Tourn. n8332"]
[Site "www.chess-mail.com"]
[Date "2015.10.24"]
[Round "1"]
[White "Odin"]
[Black "Sfalcao"]
[WhiteElo "1830"]
[BlackElo "1920"]
[Result "0-1"]
[Round "1"]
1.d4 Ng8f6
2.Nb1c3 d5
3.Bc1g5 h6
4.Bg5xf6 exf6
5.Ng1f3 Bf8b4
6.Qd1d3 Nb8c6
7.e3 Bc8d7
8.Bf1e2 O-O
9.O-O Nc6e7
10.a3 Bb4d6
11.Nc3b5 Bd7f5
12.Qd3b3 b6
13.c4 c6
14.Nb5c3 Bd6c7
15.Ra1d1 Rf8e8
16.h3 Bf5e6
17.e4 dxe4
18.Nf3h2 Qd8d6
19.f4 f5
20.Rd1d2 b5
21.Qb3a2 Ra8d8
22.b3 bxc4
23.bxc4 Bc7b6
24.Kh1 Bb6xd4
25.Rf1d1 c5
26.Nc3b5 Qd6xf4
27.Nb5xd4 cxd4
28.Rd2xd4 Rd8xd4
29.Rd1xd4 Qf4f2
30.Qa2d2 Ne7g6
31.Be2h5 Qf2xd2
32.Rd4xd2 Be6xc4
33.g3 e3
34.Rd2d1 Ng6e5
35.Kg2 g6
36.Bh5f3 g5
37.Bf3h5 e2
38.Rd1e1 g4
39.hxg4 Ne5d3
40.Nh2f3 Bc4d5
41.gxf5 Nd3xe1
42.Kf2 Ne1xf3
{ resign }
0-1

[Event "Match"]
[Site "www.echecsemail.com"]
[Date "2015.10.24"]
[Round "1"]
[White "Daviko"]
[Black "Carlosto"]
[WhiteElo "1119"]
[BlackElo "1670"]
[Result "0-1"]
[Round "1"]
1.c4 e6
2.e3 d5
3.b3 Ng8f6
4.Ng1f3 Nb8c6
5.Nb1c3 Bf8c5
6.Bf1d3 d4
7.Nc3b5 e5
8.exd4 exd4
9.Qd1e2 Bc8e6
10.Nf3g5 Qd8e7
11.O-O O-O-O
12.f4 a6
13.Nb5a3 b5
14.cxb5 axb5
15.Na3xb5 h6
16.Ng5e4 Be6g4
17.Qe2e1 Rh8e8
18.h3 Bg4f5
19.Ne4d6 cxd6
20.Qe1xe7 Nc6xe7
21.Rf1f3 Bf5xd3
22.Rf3xd3 Ne7d5
23.Bc1b2 Nd5xf4
24.b4 Nf4xd3
{ resign }
0-1